[Event "Challenge"]
[Site "http://www.queenalice.com/game.php?id=737631"]
[Date "2010.2.25"]
[Round "-"]
[White "CristianLonghinoti"]
[Black "GIARDL01"]
[Result "1-0"]
[WhiteElo "1363"]
[BlackElo "1293"]

1. e4 Nc6 2. d3 e6 3. Nf3 d5 4. Be2 dxe4 5. dxe4 e5 6. O-O Qxd1 7. Rxd1 Bg4 8.
h3 Bxf3 9. Bxf3 Nb4 10. Rd2 Bc5 11. c3 Na6 12. b4 Be7 13. Na3 Nf6 14. Rd3 O-O
15. Nc4 b5 16. Nxe5 Nb8 17. a4 bxa4 18. Rxa4 a6 19. Nc4 Nbd7 20. Bf4 Rac8 21.
Rxa6 h5 22. e5 Nb8 23. Ra8 g6 24. exf6 Bxf6 25. b5 g5 26. Be3 c5 27. b6 Na6 28.
Rxa6 h4 29. b7 Rc7 30. Rxf6 Rxb7 31. Bxb7 Kg7 32. Bxg5 Rb8 33. Be4 Rb1+ 34. Kh2
Re1 35. Bd5 Re2 36. Bxh4 Rc2 37. Rg3+ Kf8 38. Rxf7+ Ke8 39. Nd6# 1-0

[Event "Invitation"]
[Site "http://www.queenalice.com/game.php?id=737632"]
[Date "2010.2.25"]
[Round "-"]
[White "GIARDL01"]
[Black "mapers"]
[Result "0-1"]
[WhiteElo "1276"]
[BlackElo "1500"]

1. e3 h5 2. g4 hxg4 3. Qxg4 e6 4. Nc3 Nh6 5. Qa4 Be7 6. d4 c6 7. Bh3 b5 8. Qb3
Qa5 9. e4 b4 10. Na4 Ba6 11. Qg3 Qxa4 12. Qxg7 Rf8 13. Qxh6 Qxc2 14. a4 Qxe4+
15. Be3 Qxh1 16. Kd2 Rg8 17. f4 Qxh2+ 18. Kc1 Rxg1+ 19. Bxg1 Qxg1+ 20. Kc2 Qxa1
21. Qh8+ Bf8 22. f5 Qxa4+ 23. Kb1 Bd3+ 24. Kc1 exf5 25. Qe5+ Kd8 26. Qf6+ Be7
27. Qxf7 Bg5# 0-1

[Event "Challenge"]
[Site "http://www.queenalice.com/game.php?id=739425"]
[Date "2010.3.1"]
[Round "-"]
[White "ORNELAS"]
[Black "GIARDL01"]
[Result "1-0"]
[WhiteElo "1673"]
[BlackElo "1297"]

1. d4 d6 2. d5 b5 3. g3 c6 4. Bg2 Nf6 5. dxc6 Qa5+ 6. c3 b4 7. c7 Qxc7 8. Bxa8
a5 9. Bg2 Ng4 10. Nf3 e5 11. e4 f5 12. h3 Nf6 13. O-O Nxe4 14. Nfd2 Nc5 15. Qh5+
g6 16. Qe2 h5 17. cxb4 axb4 18. b3 Ba6 19. Nc4 d5 20. Qxe5+ Qxe5 21. Nxe5 Bg7
22. Re1 Nd3 23. Re3 Nxc1 24. Nd2 Nd3 25. Bxd5 Nxe5 26. Nf3 Nd7 27. Nxe5 Bxe5 28.
Rd1 Rf8 29. Bc6 Bc8 30. Red3 Rf7 31. Rd5 Kf8 32. Ra5 f4 33. Ra8 Nb8 34. Rd8+ Kg7
35. Rxc8 fxg3 36. fxg3 Bxg3 37. Bd5 Bf2+ 38. Kg2 Rf5 39. Be6 Rf4 40. Raxb8 Kh6
41. Rh8+ Kg5 42. Rb5+ Kf6 43. Rf8+ Kxe6 44. Rxf4 h4 45. Kxf2 Kd6 46. Rbxb4 g5
47. Rfd4+ Kc5 48. Rbc4+ Kb5 49. a4+ Kb6 50. b4 Ka6 51. Rd6+ 1-0

[Event "Revanche"]
[Site "http://www.queenalice.com/game.php?id=740052"]
[Date "2010.3.2"]
[Round "-"]
[White "GIARDL01"]
[Black "mapers"]
[Result "0-1"]
[WhiteElo "1283"]
[BlackElo "1344"]

1. e4 Nf6 2. Bd3 e5 3. Nf3 d6 4. O-O Bg4 5. Bb5+ Nc6 6. Bxc6+ bxc6 7. d3 Nd5 8.
exd5 e4 9. Qe1 Qe7 10. dxc6 exf3 11. Qxe7+ Bxe7 12. g3 Bh3 13. Re1 h6 14. Nc3
Rb8 15. Nd5 Kd8 16. Rxe7 Rb5 17. c4 Rxd5 18. cxd5 Kxe7 19. a4 Kd8 20. b4 Re8 21.
Bb2 Re2 22. Ra2 Re1# 0-1

[Event "Challenge"]
[Site "http://www.queenalice.com/game.php?id=740301"]
[Date "2010.3.3"]
[Round "-"]
[White "McKubik"]
[Black "GIARDL01"]
[Result "0-1"]
[WhiteElo "1279"]
[BlackElo "1281"]

1. e4 e6 2. Nf3 g5 3. Bb5 f6 4. O-O Bc5 5. Nc3 c6 6. Bc4 a6 7. d4 Bd6 8. e5 fxe5
9. dxe5 Be7 10. Nxg5 Bxg5 11. Qh5+ Kf8 12. Bxg5 Qe8 13. Qf3+ Kg7 14. Ne4 h6 15.
Nd6 Qf8 16. Bd3 hxg5 17. g3 Qxf3 18. Ne8+ Kf7 19. Nd6+ Kf8 20. Nxc8 Qh5 21. Rfe1
Qxh2+ 22. Kf1 a5 23. Ke2 Qg2 24. Nd6 Rh2 25. Kd1 Qxf2 26. Ne4 Qf3+ 27. Kc1 Ra6
28. Nxg5 Qxg3 29. Nh7+ Ke8 30. Nf6+ Nxf6 31. exf6 Qxe1# 0-1

[Event "Challenge"]
[Site "http://www.queenalice.com/game.php?id=741020"]
[Date "2010.3.4"]
[Round "-"]
[White "GIARDL01"]
[Black "jamesxirb"]
[Result "0-1"]
[WhiteElo "1295"]
[BlackElo "1160"]

1. e4 e5 2. Qh5 Qe7 3. Bc4 Nh6 4. Nf3 g6 5. Qh3 g5 6. Qh5 d5 7. Bb5+ c6 8. Ba4
Rg8 9. d3 Bg4 10. Bxg5 Qe6 11. Qh4 Rg6 12. Bd8 Nd7 13. Nfd2 Bc5 14. f3 Bf2+ 15.
Kxf2 Nb6 16. fxg4 Nxa4 17. Bg5 Nxg4+ 18. Kg3 h6 19. Rf1 Rxg5 20. Nf3 Rg6 21. h3
Nh2+ 22. Kxh2 Kd7 23. g4 f6 24. exd5 Qd6 25. c4 e4+ 26. Qg3 exf3 27. Rxf3 Nc5
28. a4 Re8 29. Rf4 Re2+ 30. Kg1 Rxb2 31. Qe3 Nb3 32. Ra3 Rxb1+ 33. Kg2 Rb2+ 34.
Kf3 Qxa3 35. Qe4 Nd2+ 36. Ke3 Nxe4 37. Rxe4 Rh2 38. dxc6+ bxc6 39. c5 Rxh3+ 40.
Kd4 Rxd3+ 41. Kc4 Qc3# 0-1

[Event "Revanche 2"]
[Site "http://www.queenalice.com/game.php?id=744363"]
[Date "2010.3.10"]
[Round "-"]
[White "GIARDL01"]
[Black "mapers"]
[Result "1-0"]
[WhiteElo "1292"]
[BlackElo "1389"]

1. b4 e5 2. Bb2 Qf6 3. a3 Nc6 4. Nf3 e4 5. Bxf6 gxf6 6. Nh4 Bd6 7. d4 Nh6 8. Qd2
Ng4 9. d5 Nce5 10. Qf4 Rg8 11. Qf5 Rg7 12. Qxe4 b6 13. Nf5 Rg5 14. Nh4 Ba6 15.
f3 f5 16. Nxf5 O-O-O 17. fxg4 Rxg4 18. Ne7+ Kb8 19. Qf5 Re8 20. h3 Rc4 21. e3
Rxe7 22. Bxc4 Nxc4 23. Ra2 Bg3+ 24. Kd1 Nxe3+ 25. Kd2 Nxf5 26. Nc3 Bc4 27. Rb2
Nh4 28. b5 Nxg2 29. Rg1 Bf4+ 30. Kd1 Ne3+ 31. Ke1 Nxc2+ 32. Kd1 Nxa3 33. Rg8+
Kb7 34. Rb4 c6 35. bxc6+ dxc6 36. dxc6+ Kc7 37. Ra4 f5 38. Rxa7+ Kxc6 39. Rc8+
Kd6 40. Rxa3 Bd3 41. Rd8+ Kc7 42. Rd4 Be4 43. Ra7+ Bb7 44. Rxf4 Re3 45. Nd5+ Kb8
46. Nxe3 Kxa7 47. Ra4+ Kb8 48. Nc4 b5 49. Rb4 Ba6 50. Nd6 h5 51. Nxf5 Kb7 52.
Ne7 Kb6 53. Re4 Kc5 54. Re6 Bb7 55. h4 b4 56. Kc2 Kc4 57. Rb6 Be4+ 58. Kb2 Bd3
59. Rc6+ Kb5 60. Kb3 Be4 61. Rc4 Bd5 62. Nxd5 Ka5 63. Rxb4 Ka6 64. Ka4 Ka7 65.
Rb6 Ka8 66. Nc7+ Ka7 67. Nd5 Ka8 68. Kb5 Ka7 69. Kc6 Ka8 70. Kc7 Ka7 71. Rb7+
Ka8 72. Nb6# 1-0

[Event "Challenge"]
[Site "http://www.queenalice.com/game.php?id=747798"]
[Date "2010.3.18"]
[Round "-"]
[White "rodriw02"]
[Black "GIARDL01"]
[Result "0-1"]
[WhiteElo "1316"]
[BlackElo "1274"]

1. e4 Nf6 2. Qf3 Nc6 3. Bc4 Ne5 4. Qc3 d6 5. Bb3 Nxe4 6. Qd4 f5 7. f3 Ng5 8. f4
Nc6 9. Qd5 e6 10. Qc4 Ne4 11. d3 Na5 12. Qb5+ c6 13. Qb4 d5 14. Qd4 Qh4+ 15. g3
Qh5 16. dxe4 b6 17. Ne2 Qf3 18. Rf1 Qg2 19. h4 Ba6 20. Rf2 Qh1+ 21. Rf1 Qh3 22.
Be3 Qg4 23. c4 fxe4 24. Ba4 Rc8 25. cxd5 Qxe2# 0-1

[Event "Challenge"]
[Site "http://www.queenalice.com/game.php?id=750927"]
[Date "2010.3.24"]
[Round "-"]
[White "jamesxirb"]
[Black "GIARDL01"]
[Result "0-1"]
[WhiteElo "1196"]
[BlackElo "1325"]

1. e4 Nf6 2. e5 Ng4 3. Qxg4 d6 4. Bb5+ c6 5. Qa4 cxb5 6. Qxb5+ Nc6 7. Nc3 dxe5
8. Nf3 a6 9. Qe2 Nb4 10. Qd1 Bf5 11. a3 Nxc2+ 12. Kf1 Bd3+ 13. Kg1 Nxa1 14. Qa4+
b5 15. Nxb5 axb5 16. Qg4 Rc8 17. g3 Rxc1+ 18. Kg2 h5 19. Qg5 Qc8 20. Qxe5 f6 21.
Qe3 Bf5 22. Nd4 Bh3+ 23. Kf3 Qg4# 0-1

[Event "Challenge"]
[Site "http://www.queenalice.com/game.php?id=752044"]
[Date "2010.3.26"]
[Round "-"]
[White "GIARDL01"]
[Black "hgvergueiro"]
[Result "0-1"]
[WhiteElo "1360"]
[BlackElo "1295"]

1. e3 e6 2. Nf3 Nf6 3. Ne5 Qe7 4. f3 d6 5. Bb5+ Nc6 6. Nc4 d5 7. Ne5 Qc5 8. a4
a6 9. d4 Qd6 10. f4 axb5 11. Nc3 Ne4 12. axb5 Rxa1 13. b3 Qb4 14. O-O Nxc3 15.
Qd2 Na2 16. bxc6 Rxc1 17. Nf3 Rxf1+ 18. Kxf1 Qb5+ 19. Ke1 Bb4 20. c3 Bxc3 21.
Qxc3 Nxc3 0-1

[Event "Challenge"]
[Site "http://www.queenalice.com/game.php?id=752233"]
[Date "2010.3.27"]
[Round "-"]
[White "GIARDL01"]
[Black "mapers"]
[Result "0-1"]
[WhiteElo "1344"]
[BlackElo "1430"]

1. Nc3 e5 2. d3 Nc6 3. Nd5 Nf6 4. Bg5 h6 5. Bh4 Na5 6. b4 c6 7. Nc3 Bxb4 8. Qd2
d5 9. Rb1 c5 10. e3 g5 11. Bg3 d4 12. exd4 exd4 13. Qe2+ Be6 14. Kd1 Bxc3 15.
Be5 O-O 16. Rb5 b6 17. h3 a6 18. Rb1 Bxa2 19. Rc1 Re8 20. Qf3 Rxe5 0-1